Geografía económica para las escuelas preparatorias /

Bibliographic Details
Main Author: Ayllón Torres, Teresa
Other Authors: Chávez Flores, José
Format: Libro
Language:Spanish
Published: México Limusa 1998
Edition:8a ed.
Subjects:
Online Access:

MARC

LEADER 00000cam a2200000 a 4500
001 008890
003 UAHC_CL
005 20170803120520.0
008 150126s1988 mx 000 spa
020 |a 968185652X 
040 |a UAHC_CL  |c UAHC_CL  |d UAHC_CL 
082 0 4 |a 330.9  |b A978  |2 20 
100 1 |a Ayllón Torres, Teresa 
245 1 0 |a Geografía económica para las escuelas preparatorias /  |c María Teresa Ayllón Torres, José Chávez Flores. 
250 |a 8a ed. 
260 |b Limusa  |a México  |c 1998 
300 |a 268 p. 
650 4 |a GEOGRAFIA ECONOMICA 
653 |a GEOGRAFIA 
700 1 |a Chávez Flores, José 
900 |a 330.9 AYL 
942 |c BK 
952 |0 0  |1 0  |4 0  |6 330_900000000000000_AYL  |7 0  |8 General  |9 18816  |a BC  |b BC  |c General  |d 2017-08-03  |l 0  |o 330.9 AYL  |p 1408988  |r 2026-01-13 00:00:00  |t 1  |w 2017-08-03  |y BK 
952 |0 0  |1 0  |4 0  |6 330_900000000000000_AYL  |7 0  |8 General  |9 18817  |a BC  |b BC  |c General  |d 2017-08-03  |l 0  |o 330.9 AYL  |p 1408987  |r 2026-01-13 00:00:00  |t 2  |w 2017-08-03  |y BK 
999 |c 8890  |d 8890